IP over WDM (Record no. 8158)

000 -LEADER
fixed length control field 00746 a2200205 4500
020 ## - INTERNATIONAL STANDARD BOOK NUMBER
International Standard Book Number 0470844175
040 ## - CATALOGING SOURCE
Original cataloging agency DLC
Language of cataloging DLC
082 00 - DEWEY DECIMAL CLASSIFICATION NUMBER
Classification number 621.382
100 1# - MAIN ENTRY--PERSONAL NAME
Personal name Liu, Kevin H.
245 10 - TITLE STATEMENT
Title IP over WDM
Statement of responsibility, etc. Kevin H. Liu.
260 ## - PUBLICATION, DISTRIBUTION, ETC.
Place of publication, distribution, etc. New York :
Name of publisher, distributor, etc. J. Wiley,
Date of publication, distribution, etc. 2002.
300 ## - PHYSICAL DESCRIPTION
Extent xxiii, 389 p. :
Other physical details ill. ;
Dimensions 25 cm.
650 #0 - SUBJECT ADDED ENTRY--TOPICAL TERM
Topical term or geographic name entry element Wavelength division multiplexing.
650 #0 - SUBJECT ADDED ENTRY--TOPICAL TERM
Topical term or geographic name entry element TCP/IP (Computer network protocol)
650 #0 - SUBJECT ADDED ENTRY--TOPICAL TERM
Topical term or geographic name entry element Fiber optics.
856 42 - ELECTRONIC LOCATION AND ACCESS
Materials specified Publisher description
Uniform Resource Identifier <a href="http://www.loc.gov/catdir/description/wiley036/2002028073.html">http://www.loc.gov/catdir/description/wiley036/2002028073.html</a>
856 42 - ELECTRONIC LOCATION AND ACCESS
Materials specified Table of contents
Uniform Resource Identifier <a href="http://www.loc.gov/catdir/toc/wiley031/2002028073.html">http://www.loc.gov/catdir/toc/wiley031/2002028073.html</a>
856 42 - ELECTRONIC LOCATION AND ACCESS
Materials specified Book review (E-STREAMS)
Uniform Resource Identifier <a href="http://www.e-streams.com/es0701/es0701_2964.html">http://www.e-streams.com/es0701/es0701_2964.html</a>
942 ## - ADDED ENTRY ELEMENTS (KOHA)
Koha item type Book
Call number prefix 621.382 LIU
Source of classification or shelving scheme
Holdings
Withdrawn status Lost status Damaged status Not for loan Collection code Permanent Location Current Location Shelving location Date acquired Source of acquisition Cost, normal purchase price Total Checkouts Full call number Barcode Date last seen Price effective from Koha item type
          Central Library (CL) Central Library (CL) General Stacks 06/23/2003 Progressive International Agencies 4703.40   621.382 LIU SEECS003579 11/14/2012 01/05/2017 Book
© 2023 Central Library, National University of Sciences and Technology. All Rights Reserved.